000 00436nam a2200193Ia 4500
008 210210b1957 xxu||||| |||| 00| 0 eng d
041 _aeng
082 _a519/65
100 _aHem (Raj)
245 _aTextbook of pure mathematics
260 _aDelhi
_bAtma Ram & Sons
_c1957
650 _aTextbook
650 _apure
650 _aof
650 _amathematics
690 _aMathematics
700 _aothers
906 _a007926
999 _c140784
_d140784